Cultura, política y sociedad: perspectivas latinoamericanas /

Gespeichert in:
Bibliographische Detailangaben
1. Verfasser: Mato, Daniel
Weitere Verfasser: comp
Format: Text
Veröffentlicht: Buenos Aires: CLACSO
Schlagworte:
Tags: Tag hinzufügen
Keine Tags, Fügen Sie den ersten Tag hinzu!

MARC

LEADER 00000 a a2200000 04500
001 32479
003
040
020 |a 987-1183-27-5  
090 |a 202502  
100 |a Mato, Daniel  
245 |a Cultura, política y sociedad: perspectivas latinoamericanas /  |c Daniel Mato  
260 |a Buenos Aires:   |b CLACSO  
300 |a 504 p.  
650 |a IMPERIALISMO  
650 |a CULTURA  
650 |a PLURALISMO CULTURAL  
650 |a ANTROPOLOGIA  
650 |a AMERICA LATINA  
700 |a comp.  
999 |c 12339  |d 12339